| 000 | 01045nam a2200229Ia 4500 | ||
|---|---|---|---|
| 001 | 18810 | ||
| 005 | 20260408163117.0 | ||
| 008 | 260306s9999||||xx |||||||||||||| ||und|| | ||
| 041 | _aESP | ||
| 082 |
_a658.5 _bL13 |
||
| 100 |
_aLacalle, Guillermo _eAUT |
||
| 245 | 0 | _aGestión logística y comercial | |
| 260 | _c2013 | ||
| 300 |
_a191 páginas : _c27 cm. |
||
| 650 | _aGEN | ||
| 654 | _aCAN | ||
| 856 |
_uhttps://itmsp.museknowledge.com/UCSP?url=https://www.ebooks7-24.com:443/?il=5256&pg=1 _zVéase además: Gestión logística y comercial, por Juan Miguel Gómez Aparicio. Versión digital |
||
| 856 |
_uhttps://0u213vnnp-y-https-ebooks7--24-com.itmsp.museknowledge.com/biblioteca.aspx _zVéase además: Base de datos Ebook7-24 |
||
| 856 |
_uhttps://0u20fvnnv-y-https-research-ebsco-com.itmsp.museknowledge.com/c/qxo6us/search _zVéase además: Base de datos EBSCOhost |
||
| 856 |
_uhttps://0u20yvnny-y-https-www-bibliotechnia-com-mx.itmsp.museknowledge.com/ _zVéase además: Base de datos BiblioTechnia |
||
| 942 |
_cLIB _dJUS _fJUS _2ddc |
||
| 999 |
_c18810 _d18810 |
||